[Event "Brno ÈEZ Talent"]
[Site "?"]
[Date "2014.08.24"]
[Round "2"]
[White "Svanda, Adam"]
[Black "Kosina, Vladimir"]
[Result "1/2-1/2"]
[WhiteElo "1486"]
[BlackElo "1799"]
[PlyCount "151"]
[EventDate "2014.??.??"]

1. c4 e5 2. Nc3 c6 3. Nf3 d6 4. d3 Be7 5. d4 Qc7 6. e3 Nf6 7. d5 Bg4 8. e4 O-O
9. h3 Bd7 10. Bg5 Re8 11. Be2 Na6 12. O-O Nc5 13. Bd3 a5 14. b3 h6 15. Be3 Na6
16. Qd2 Bf8 17. Ne2 c5 18. a3 b6 19. Ng3 Qc8 20. Rfe1 Nc7 21. Be2 Kh7 22. Nh4
g6 23. Kh2 Bg7 24. Rf1 Ng8 25. f4 Rf8 26. f5 Ne8 27. fxg6+ fxg6 28. Rxf8 Bxf8
29. Rf1 Nef6 30. Rf2 Qd8 31. Nf3 Qe7 32. Rf1 Bg7 33. b4 axb4 34. axb4 Ra4 35.
Rb1 Be8 36. Bd1 Ra3 37. Qc1 Qa7 38. bxc5 bxc5 39. Rb7 Qxb7 40. Qxa3 Qb1 41. Qc1
Qb4 42. Bd2 Qb7 43. Qa3 Bf8 44. Qb3 Qa7 45. Qb2 Nd7 46. Bc3 Bg7 47. Be2 Nb6 48.
Nd2 Bf6 49. Qb1 Bg5 50. Ngf1 h5 51. Nf3 Bf6 52. Qa1 Qxa1 53. Bxa1 Na4 54. N1d2
g5 55. g4 h4 56. Bd1 Ne7 57. Ng1 Ng6 58. Ne2 Nf4 59. Nxf4 gxf4 60. Kg2 Kg6 61.
Kf3 Bd8 62. Nb3 Kf6 63. Be2 Bd7 64. Bf1 Bc8 65. Be2 Ba6 66. Bd3 Bc7 67. Ke2 Kg5
68. Kd2 Bc8 69. Be2 Bd7 70. Kc2 Be8 71. Bc3 Nxc3 72. Kxc3 Ba4 73. Bd1 Be8 74.
Bf3 Bg6 75. Kd3 Be8 76. Kc3 1/2-1/2

[Event "Brno ÈEZ Talent"]
[Site "?"]
[Date "2014.08.25"]
[Round "3"]
[White "Polak, Tomas"]
[Black "Kratochvil, Josef"]
[Result "1-0"]
[WhiteElo "2511"]
[BlackElo "2269"]
[PlyCount "61"]
[EventDate "2014.??.??"]

1. d4 g6 2. c4 Bg7 3. e4 c5 4. d5 d6 5. Nc3 e6 6. h3 exd5 7. cxd5 Ne7 8. Nf3
O-O 9. Bd3 h6 10. O-O a6 11. a4 g5 12. Nd2 Ng6 13. Nc4 Qc7 14. Ne2 Nd7 15. f4
Rb8 16. e5 dxe5 17. fxg5 hxg5 18. d6 Qd8 19. Ng3 b5 20. axb5 axb5 21. Na5 c4
22. Be4 Qb6+ 23. Kh2 Nf6 24. Rxf6 Bxf6 25. d7 Bb7 26. Nxb7 Rxb7 27. Qd5 Rc7 28.
Bxg6 Qd4 29. Bxf7+ Kh8 30. Qf3 Rxf7 31. Ra8+ 1-0

[Event "Brno ÈEZ Talent"]
[Site "?"]
[Date "2014.08.25"]
[Round "3"]
[White "Sergeev, Vladimir"]
[Black "Blahynka, Martin"]
[Result "1-0"]
[WhiteElo "2438"]
[BlackElo "2210"]
[PlyCount "55"]
[EventDate "2014.??.??"]

1. g3 Nf6 2. Bg2 c5 3. c4 g6 4. Nc3 Bg7 5. a3 Nc6 6. Rb1 e6 7. d3 d5 8. Bg5
dxc4 9. Bxc6+ bxc6 10. dxc4 Qxd1+ 11. Kxd1 Ng4 12. Ne4 f5 13. h3 fxe4 14. hxg4
Bd4 15. Nh3 O-O 16. Bh6 Rf7 17. Ng5 Rxf2 18. Nxe4 Rf7 19. Kc2 Bf6 20. Rbd1 Be7
21. Bg5 Kf8 22. Rdf1 Bxg5 23. Nxg5 Rxf1 24. Rxf1+ Kg8 25. Rd1 h5 26. Rd8+ Kg7
27. Ne4 e5 28. Nd6 1-0

[Event "Brno ÈEZ Talent"]
[Site "?"]
[Date "2014.08.25"]
[Round "3"]
[White "Dvorak, Adam"]
[Black "Kraus, Tomas"]
[Result "0-1"]
[WhiteElo "2130"]
[BlackElo "2400"]
[PlyCount "62"]
[EventDate "2014.??.??"]

1. d4 Nf6 2. c4 e6 3. Nf3 d5 4. e3 c5 5. a3 cxd4 6. exd4 Be7 7. Nbd2 b6 8. b3
O-O 9. Bb2 Bb7 10. Rc1 Nbd7 11. Be2 Rc8 12. O-O dxc4 13. Nxc4 Nd5 14. Re1 N7f6
15. Bf1 b5 16. Nce5 b4 17. a4 Nc3 18. Qd2 Nfe4 19. Qe3 g6 20. Bc4 a5 21. Qh6
Bf6 22. Nxf7 {(R)} Rxf7 23. Bxe6 Rcc7 24. Bxc3 bxc3 25. d5 Ng5 26. Bxf7+ Rxf7
27. Rc2 Nxf3+ 28. gxf3 Bxd5 29. Rce2 Rf8 30. h4 Bxf3 31. Re6 Qd4 0-1

[Event "Brno ÈEZ Talent"]
[Site "?"]
[Date "2014.08.25"]
[Round "3"]
[White "Milcova, Zuzana"]
[Black "Roubalik, Jakub"]
[Result "0-1"]
[WhiteElo "2027"]
[BlackElo "2347"]
[PlyCount "102"]
[EventDate "2014.??.??"]

1. e4 e6 2. d4 d5 3. exd5 exd5 4. Nf3 Nf6 5. Bd3 Be7 6. h3 O-O 7. O-O Nbd7 8.
c3 b6 9. Bf4 Bb7 10. Nbd2 c5 11. Re1 c4 12. Bc2 b5 13. Ne5 Re8 14. Ndf3 Ne4 15.
Nxd7 Qxd7 16. Ne5 Qf5 17. Qg4 Qxg4 18. Nxg4 Bf8 19. f3 Nd6 20. Kf2 a5 21. Rxe8
Nxe8 22. Re1 Nd6 23. Ne5 Rd8 24. Ng4 Bc6 25. Re2 b4 26. Bd2 Rb8 27. Bd1 f6 28.
Ne3 Kf7 29. Be1 g6 30. Bd2 Nb5 31. Nc2 b3 32. axb3 cxb3 33. Ne1 a4 34. Nd3 Nd6
35. Nb4 Bb5 36. Re1 Nc4 37. Bf4 Rb7 38. Nd3 Bc6 39. Rg1 Nxb2 40. Nxb2 a3 41.
Be2 axb2 42. Rb1 Ba3 43. Bd3 Bb5 44. Ke2 Re7+ 45. Kd2 Bc4 46. Rg1 Re6 47. Be3
f5 48. g3 Bd6 49. f4 Re8 50. Rb1 Ra8 51. Rxb2 Ra2 0-1

[Event "Brno ÈEZ Talent"]
[Site "?"]
[Date "2014.08.25"]
[Round "3"]
[White "Vechet, Stanislav"]
[Black "Kociscak, Jiri"]
[Result "1-0"]
[WhiteElo "2151"]
[BlackElo "2458"]
[PlyCount "79"]
[EventDate "2014.??.??"]

1. d4 f5 2. g3 Nf6 3. Bg2 g6 4. Nd2 Bg7 5. c3 d6 6. e4 fxe4 7. Nxe4 Nxe4 8.
Bxe4 c6 9. h4 Nd7 10. h5 Nf6 11. Bf3 Bf5 12. g4 Be6 13. hxg6 hxg6 14. Rxh8+
Bxh8 15. Qd3 Qa5 16. Qxg6+ Kd7 17. g5 Bf5 18. Qf7 Be6 19. Qg6 Nd5 20. Bd2 Qb6
21. c4 Bxd4 22. cxd5 Bxf2+ 23. Kd1 cxd5 24. Ne2 Rf8 25. Qd3 Qxb2 26. Bc3 Qa3
27. Bxd5 Qa4+ 28. Kd2 Bf5 29. Bb3 Qg4 30. Qb5+ Kd8 31. Qxb7 Qxg5+ 32. Kd1 Bb6
33. Rc1 Qg4 34. Be1 Bc8 35. Qd5 Rf1 36. Rc4 Qg6 37. Bc2 Qg7 38. Bd3 Qf7 39.
Rxc8+ Kxc8 40. Ba6+ 1-0

[Event "Brno ÈEZ Talent"]
[Site "?"]
[Date "2014.08.25"]
[Round "3"]
[White "Chudinovskikh, Alexander M"]
[Black "Hajek, Oskar"]
[Result "1/2-1/2"]
[WhiteElo "2273"]
[BlackElo "2061"]
[PlyCount "72"]
[EventDate "2014.??.??"]

1. e4 d6 2. d4 Nf6 3. Nc3 e5 4. Nge2 c6 5. g3 Be7 6. Bg2 O-O 7. O-O Nbd7 8. h3
Qc7 9. Be3 b5 10. a3 Re8 11. g4 Nb6 12. Ng3 Bf8 13. b3 Nfd7 14. Qd2 exd4 15.
Bxd4 Nc5 16. Rad1 a5 17. f4 a4 18. b4 Ne6 19. Bf2 Nc4 20. Qc1 Be7 21. Nf5 Bf6
22. Rd3 Rb8 23. g5 Bxc3 24. Rxc3 d5 25. e5 Nf8 26. Nd4 Ne6 27. Ne2 Nf8 28. Kh1
Bd7 29. Qd1 Rbd8 30. Ng3 Ng6 31. Ne2 Bc8 32. Qc1 Nf8 33. Rg3 Bf5 34. Nd4 Bc8
35. Ne2 Bf5 36. Nd4 Bc8 1/2-1/2

[Event "Brno ÈEZ Talent"]
[Site "?"]
[Date "2014.08.25"]
[Round "3"]
[White "Holemar, David"]
[Black "Zpevakova, Jana"]
[Result "1/2-1/2"]
[WhiteElo "2246"]
[BlackElo "2042"]
[PlyCount "117"]
[EventDate "2014.??.??"]

1. e4 e6 2. d3 d5 3. Nd2 Bd6 4. Ngf3 c5 5. d4 cxd4 6. exd5 exd5 7. Bb5+ Nc6 8.
O-O Nge7 9. Nb3 O-O 10. h3 Bc7 11. Nbxd4 Nxd4 12. Qxd4 Qd6 13. c4 Qg6 14. cxd5
Bxh3 15. Nh4 Qd6 16. Bf4 Qxf4 17. Qxf4 Bxf4 18. gxh3 Nxd5 19. Rad1 Nf6 20. Nf5
Rad8 21. Rfe1 g6 22. Nd4 Rd6 23. Nb3 Rxd1 24. Rxd1 Rc8 25. Rd4 Be5 26. Rd2 Kg7
27. Kg2 a6 28. Bf1 Rc7 29. Kf3 Nd7 30. Ke4 f5+ 31. Ke3 g5 32. Kf3 Kf6 33. Kg2
h5 34. Na5 b5 35. a4 bxa4 36. Bxa6 Nc5 37. Bc4 Ne4 38. Rc2 Rc5 39. Nb7 Rc8 40.
f3 Ng3 41. Bd3 Rxc2+ 42. Bxc2 Ne2 43. Bxa4 Nf4+ 44. Kh2 Ne6+ 45. Kg2 Bxb2 46.
Bd7 Nf4+ 47. Kh2 Be5 48. Bc8 h4 49. Na5 Nd3+ 50. Kg1 Bg3 51. Nc4 Nf4 52. Ne3
Nxh3+ 53. Kg2 Nf4+ 54. Kf1 Nd3 55. Bxf5 Ne1 56. Be4 Ke5 57. Ng2 g4 58. Nxe1
Bxe1 59. fxg4 1/2-1/2

[Event "Brno ÈEZ Talent"]
[Site "?"]
[Date "2014.08.25"]
[Round "3"]
[White "Pokorny, Petr"]
[Black "Stehlik, Jiri"]
[Result "1-0"]
[WhiteElo "2126"]
[BlackElo "1945"]
[PlyCount "93"]
[EventDate "2014.??.??"]

1. d4 d5 2. c4 c6 3. Nf3 Nf6 4. Nc3 dxc4 5. a4 Bf5 6. e3 e6 7. Bxc4 Bb4 8. O-O
O-O 9. Qe2 Nbd7 10. e4 Bg6 11. Bd3 Bh5 12. e5 Nd5 13. Nxd5 cxd5 14. Qe3 Bxf3
15. Qxf3 f5 16. exf6 Qxf6 17. Qh3 g6 18. Bh6 Rfe8 19. Rad1 Rac8 20. Bb5 Qf7 21.
Rd3 a6 22. Rf3 Qe7 23. Bd3 e5 24. dxe5 Nxe5 25. Re3 Qf6 26. Bb1 Bc5 27. Rc3 d4
28. Rcc1 Qd8 29. b4 Bd6 30. Ba2+ Kh8 31. Bg5 Qxg5 32. Rxc8 Qe7 33. Rxe8+ Qxe8
34. Qh4 Be7 35. Qxd4 Bf6 36. Qd5 Nc6 37. b5 axb5 38. axb5 Nd4 39. b6 Nc6 40.
Qf7 Qxf7 41. Bxf7 Bd4 42. Bd5 Bxb6 43. Rb1 Bc5 44. Bxc6 bxc6 45. Rc1 Bd4 46.
Rxc6 Be5 47. Re6 1-0

[Event "Brno ÈEZ Talent"]
[Site "?"]
[Date "2014.08.25"]
[Round "3"]
[White "Lanc, Alois"]
[Black "Kaplan, Milan"]
[Result "1-0"]
[WhiteElo "2363"]
[BlackElo "1800"]
[PlyCount "71"]
[EventDate "2014.??.??"]

1. e4 c5 2. Nf3 Nc6 3. d4 cxd4 4. Nxd4 Nf6 5. Nc3 e5 6. Ndb5 d6 7. Nd5 Nxd5 8.
exd5 Nb8 9. a4 a6 10. Na3 Bf5 11. Nc4 Nd7 12. a5 Be7 13. Be2 Rc8 14. O-O O-O
15. b3 Nf6 16. Ba3 Ne4 17. Qe1 g5 18. Bd3 Bg6 19. Bxe4 f5 20. Bf3 e4 21. Be2 f4
22. Bg4 Rc7 23. Qb4 h5 24. Be6+ Kh7 25. Qb6 Rf6 26. Bxd6 Bxd6 27. Qxd6 Qxd6 28.
Nxd6 e3 29. c4 e2 30. Rfe1 Bd3 31. Ne8 Rxe6 32. dxe6 Re7 33. Nf6+ Kg6 34. Nd5
Rxe6 35. Rac1 Be4 36. Nc7 1-0

[Event "Brno ÈEZ Talent"]
[Site "?"]
[Date "2014.08.25"]
[Round "3"]
[White "Kozusek, Daniel"]
[Black "Hyll, Jan"]
[Result "1-0"]
[WhiteElo "2191"]
[BlackElo "1932"]
[PlyCount "65"]
[EventDate "2014.??.??"]

1. d4 d5 2. c4 c6 3. Nf3 Nf6 4. Nbd2 e6 5. e3 Nbd7 6. Bd3 Bd6 7. O-O O-O 8. e4
dxe4 9. Nxe4 Nxe4 10. Bxe4 Nf6 11. Bc2 c5 12. Bg5 cxd4 13. Qd3 g6 14. Qxd4 Be7
15. Qh4 Re8 16. Rad1 Nd7 17. Ba4 f6 18. Qe4 Kf7 19. Rfe1 Bb4 20. Bxd7 Bxd7 21.
Ne5+ fxe5 22. Bxd8 Bc6 23. Qh4 Raxd8 24. Rxd8 Rxd8 25. Qxh7+ Kf6 26. Qh4+ g5
27. Qh6+ Kf7 28. Qh7+ Kf6 29. Qc7 Rd6 30. a3 Bxe1 31. Qxd6 a6 32. Qd8+ Kg6 33.
Kf1 1-0

[Event "Brno ÈEZ Talent"]
[Site "?"]
[Date "2014.08.25"]
[Round "3"]
[White "Greussing, Stefan"]
[Black "Skacelik, Petr"]
[Result "0-1"]
[WhiteElo "1803"]
[BlackElo "2173"]
[PlyCount "92"]
[EventDate "2014.??.??"]

1. Nf3 Nf6 2. d4 g6 3. Nc3 Bg7 4. e4 d6 5. Be2 O-O 6. O-O c6 7. a4 a5 8. Be3
Na6 9. h3 Nb4 10. Qd2 Qc7 11. Rad1 Re8 12. Rfe1 Bd7 13. Bg5 Rab8 14. d5 Bc8 15.
Bf1 Nd7 16. Nd4 Bxd4 17. Qxd4 Nxc2 18. Qd3 Nxe1 19. Rxe1 Nc5 20. Qg3 Bd7 21. f4
Qb6 22. Kh1 Qb3 23. f5 cxd5 24. Qh4 Nxe4 25. Nxe4 dxe4 26. f6 exf6 27. Bxf6 Re6
28. Rxe4 Qd1 29. Rf4 Rbe8 30. Kh2 Qe1 31. g3 Qd2+ 32. Kg1 Qe3+ 33. Kh2 Rxf6 34.
Rxf6 Bc6 35. Qc4 Re6 36. Rf4 Qc5 37. Qd3 Qd5 38. Qxd5 Bxd5 39. Kg1 Re4 40. Rf6
Be6 41. b3 Rb4 42. Bc4 Bxc4 43. bxc4 Rxc4 44. Rxd6 Rxa4 45. Kf2 Rb4 46. Rd5 b5
0-1

[Event "Brno ÈEZ Talent"]
[Site "?"]
[Date "2014.08.25"]
[Round "3"]
[White "Svanda, Ondrej"]
[Black "Ketola, Ville"]
[Result "0-1"]
[WhiteElo "1725"]
[BlackElo "2121"]
[PlyCount "88"]
[EventDate "2014.??.??"]

1. e4 d5 2. exd5 Qxd5 3. Nc3 Qd6 4. d4 a6 5. Bc4 Nf6 6. Nf3 Nc6 7. d5 Ne5 8.
Nxe5 Qxe5+ 9. Qe2 Qxe2+ 10. Bxe2 Bf5 11. Bf4 O-O-O 12. O-O-O g6 13. Bf3 Bg7 14.
Rhe1 Rhe8 15. h3 h5 16. Be5 Bh6+ 17. Kb1 Nd7 18. Bd4 e5 19. dxe6 Bxe6 20. Ne4
f5 21. Nf6 Nxf6 22. Bxf6 Rxd1+ 23. Rxd1 Bf4 24. g3 Bd6 25. b3 Bd7 26. Bc3 f4
27. g4 hxg4 28. hxg4 Bc6 29. Bxc6 bxc6 30. Re1 Rxe1+ 31. Bxe1 Kd7 32. Kc1 Ke6
33. Kd1 f3 34. Bd2 Kd5 35. Be3 Bb4 36. Bf4 Bc5 37. c4+ Ke4 38. Bg3 Kd3 39. Ke1
Bb6 40. Kd1 Bc5 41. Ke1 Bd6 42. Bh4 Kc2 43. Bf6 Bb4+ 44. Kf1 Kb1 0-1

[Event "Brno ÈEZ Talent"]
[Site "?"]
[Date "2014.08.25"]
[Round "3"]
[White "Richterova, Natasa"]
[Black "Hrdlicka, Vladan"]
[Result "1-0"]
[WhiteElo "2105"]
[BlackElo "1823"]
[PlyCount "43"]
[EventDate "2014.??.??"]

1. e4 c5 2. Nf3 e6 3. c4 d6 4. Nc3 Nc6 5. d4 cxd4 6. Nxd4 Nf6 7. Be2 Be7 8. O-O
O-O 9. Be3 a6 10. a4 Qc7 11. Rc1 b6 12. Nd5 exd5 13. cxd5 Nxe4 14. Rxc6 Qb7 15.
Qc2 Nc5 16. b4 Bd7 17. bxc5 Bxc6 18. dxc6 Qc8 19. cxb6 Rb8 20. a5 Bf6 21. c7
Bxd4 22. Bxd4 1-0

[Event "Brno ÈEZ Talent"]
[Site "?"]
[Date "2014.08.25"]
[Round "3"]
[White "Blazek, Pavel"]
[Black "Meszaros, Ludek"]
[Result "0-1"]
[WhiteElo "1770"]
[BlackElo "2101"]
[PlyCount "84"]
[EventDate "2014.??.??"]

1. e4 e5 2. Nc3 Nf6 3. Bc4 Nxe4 4. Qh5 Nd6 5. Bb3 Nc6 6. Nb5 g6 7. Qf3 f5 8.
Qd5 Qe7 9. Nxc7+ Kd8 10. Nxa8 b6 11. Nxb6 axb6 12. Qf3 Bb7 13. Qd1 Nd4 14. Kf1
Qg5 15. f3 f4 16. c3 N4f5 17. Nh3 Qf6 18. d3 g5 19. Nf2 h5 20. a4 g4 21. Ne4
Nxe4 22. dxe4 Ba6+ 23. Ke1 Qh4+ 24. g3 Nxg3 25. Kd2 Nxh1 26. Kc2 Nf2 27. Qd5
Bd3+ 28. Kd2 Rh6 29. a5 Rd6 30. Qa8+ Ke7 31. Bd5 Bxe4 32. fxe4 Nxe4+ 33. Kc2
Qf2+ 34. Kb1 Nf6 35. Bb3 g3 36. hxg3 fxg3 37. a6 g2 38. a7 g1=Q 39. Qb8 Qxc1+
40. Kxc1 Qf1+ 41. Kc2 Qf5+ 42. Kc1 Bh6# 0-1

[Event "Brno ÈEZ Talent"]
[Site "?"]
[Date "2014.08.25"]
[Round "3"]
[White "Majer, Jiri"]
[Black "Dumkova, Daniela"]
[Result "1-0"]
[WhiteElo "2067"]
[BlackElo "1745"]
[PlyCount "47"]
[EventDate "2014.??.??"]

1. d4 Nf6 2. Nf3 e6 3. g3 d6 4. Bg2 Nbd7 5. O-O c5 6. c4 cxd4 7. Nxd4 a6 8. Nc3
Be7 9. b3 O-O 10. Bb2 Nb6 11. e4 Qc7 12. a4 Rd8 13. Re1 Bd7 14. Qd2 Bc6 15. a5
Nbd7 16. f4 Rac8 17. Qe2 e5 18. Nf5 Nc5 19. b4 Ne6 20. Nd5 Bxd5 21. exd5 Nf8
22. fxe5 Ne8 23. exd6 Bxd6 24. c5 1-0

[Event "Brno ÈEZ Talent"]
[Site "?"]
[Date "2014.08.25"]
[Round "3"]
[White "Uhmann, Jan"]
[Black "Martirosyan, Ara"]
[Result "1-0"]
[WhiteElo "2048"]
[BlackElo "1729"]
[PlyCount "109"]
[EventDate "2014.??.??"]

1. e4 c5 2. Nf3 Nc6 3. d4 cxd4 4. Nxd4 g6 5. Bc4 Bg7 6. c3 Nf6 7. Qb3 Na5 8.
Qa4 Nxc4 9. Qxc4 O-O 10. e5 Ng4 11. f4 d5 12. Qe2 Qb6 13. Nd2 Nh6 14. N2f3 Nf5
15. b3 Nxd4 16. Nxd4 Bd7 17. g4 Qc7 18. Bb2 Rac8 19. h4 h6 20. O-O-O a6 21. Kb1
b5 22. e6 Bxe6 23. Nxe6 fxe6 24. Qxe6+ Kh7 25. Rxd5 Rxf4 26. Rd7 Qc6 27. Re1
Qxe6 28. Rxe6 Rf1+ 29. Kc2 Rf2+ 30. Rd2 Rxd2+ 31. Kxd2 Bf6 32. Rxa6 Bxh4 {(R)}
33. Ra5 Rb8 34. b4 Rb6 35. a4 bxa4 36. Rxa4 Rf6 37. b5 Rf2+ 38. Kc1 Bg5+ 39.
Kb1 Rf4 40. Rxf4 Bxf4 41. Ba3 e6 42. Be7 Kg7 43. Kc2 Kf7 44. Bh4 Ke8 45. Kd3
Kd7 46. Ke4 g5 47. Bf2 Kc7 48. Bd4 Kd6 49. c4 Kc7 50. Be5+ Bxe5 51. Kxe5 Kb6
52. Kf6 Kc5 53. Kg6 e5 54. Kf5 Kd6 55. b6 1-0

[Event "Brno ÈEZ Talent"]
[Site "?"]
[Date "2014.08.25"]
[Round "3"]
[White "Hosek, Martin"]
[Black "Glozar, Petr"]
[Result "1-0"]
[WhiteElo "2039"]
[BlackElo "1566"]
[PlyCount "59"]
[EventDate "2014.??.??"]

1. d4 d5 2. c4 e6 3. Nc3 Nf6 4. Bg5 Be7 5. Nf3 h6 6. Bh4 O-O 7. e3 b6 8. Rc1
Bb7 9. Bd3 Nbd7 10. O-O c5 11. Qe2 Rc8 12. Rfd1 Re8 13. Ne5 Nxe5 14. dxe5 Nd7
15. Bg3 Bh4 16. cxd5 exd5 17. Bxh4 Qxh4 18. Bb5 Red8 19. f4 d4 20. g3 Qh3 21.
exd4 cxd4 22. Rxd4 Kh7 23. Rcd1 Rc7 24. e6 Bc8 25. Bxd7 Bb7 26. exf7 Rdxd7 27.
Qc2+ g6 28. f8=Q Qe6 29. Rxd7+ Rxd7 30. Rxd7+ 1-0

[Event "Brno ÈEZ Talent"]
[Site "?"]
[Date "2014.08.25"]
[Round "3"]
[White "Barak, David"]
[Black "Miculka, David"]
[Result "0-1"]
[WhiteElo "1409"]
[BlackElo "2018"]
[PlyCount "114"]
[EventDate "2014.??.??"]

1. d4 Nf6 2. Nc3 d5 3. Bg5 e6 4. e3 c5 5. Bb5+ Bd7 6. Bxd7+ Nbxd7 7. Nf3 Be7 8.
O-O O-O 9. Qe2 Rc8 10. a3 a6 11. Rfe1 Ne4 12. Bxe7 Nxc3 13. Bxd8 Nxe2+ 14. Rxe2
Rfxd8 15. c3 b5 16. Nd2 Kf8 17. Nb3 Ke7 18. f3 Kd6 19. Kf2 c4 20. Nd2 a5 21.
Ree1 Rb8 22. Rab1 b4 23. g4 Rb7 24. h4 Rdb8 25. h5 Rb5 26. Ke2 Nb6 27. axb4
axb4 28. Ra1 Ra8 29. Rxa8 Nxa8 30. Ra1 Nc7 31. Ra4 bxc3 32. bxc3 Rb6 33. Ke1
Nb5 34. Rb4 Kc6 35. Nb1 Ra6 36. f4 Ra2 37. g5 Rh2 38. Kd1 Rxh5 39. Kc2 Rh2+ 40.
Nd2 Re2 41. e4 Re3 42. exd5+ exd5 43. Nb1 Rf3 44. Ra4 Rxf4 45. Ra8 Rg4 46. Rf8
Nd6 47. Rh8 Rxg5 48. Rxh7 Rg2+ 49. Kc1 f5 50. Nd2 Ne4 51. Nxe4 fxe4 52. Rh3 Kb5
53. Re3 Ka4 54. Rh3 Kb3 55. Kd1 Rc2 56. Rg3 Rxc3 57. Rxg7 Rd3+ 0-1

[Event "Brno ÈEZ Talent"]
[Site "?"]
[Date "2014.08.25"]
[Round "3"]
[White "Kosina, Vladimir"]
[Black "Miculka, Petr"]
[Result "0-1"]
[WhiteElo "1799"]
[BlackElo "2029"]
[PlyCount "90"]
[EventDate "2014.??.??"]

1. e4 c5 2. Nc3 Nc6 3. Nf3 Nf6 4. Bc4 e6 5. d3 d5 6. Bb5 Bd7 7. O-O Be7 8. e5
Ng4 9. Qe2 h5 10. h3 Nh6 11. Bxh6 Rxh6 12. a3 Qc7 13. Rfe1 O-O-O 14. Rac1 f6
15. Bxc6 Qxc6 16. d4 Rdh8 17. a4 Qb6 18. Qd2 cxd4 19. Nxd4 fxe5 20. Nf3 e4 21.
Ne5 Be8 22. Nd1 Bb4 23. c3 Bd6 24. Nc4 dxc4 25. Rxe4 Bc6 26. Rxc4 Rd8 27. Qg5
Kb8 28. a5 Qc7 29. b4 Qe7 30. Qe3 Rg6 31. g3 e5 32. Rxc6 bxc6 33. Qe4 Qe8 34.
Ne3 Bc7 35. Nc4 Rd5 36. Re1 Rf6 37. Kg2 Qg6 38. Qxg6 Rxg6 39. Re3 h4 40. g4 Rf6
41. Kf1 Rf4 42. Ke2 Rxc4 43. f3 c5 44. Rd3 Rxd3 45. Kxd3 Rf4 0-1

[Event "Brno ÈEZ Talent"]
[Site "?"]
[Date "2014.08.25"]
[Round "3"]
[White "Kucera, Petr"]
[Black "Prokop, Jiri"]
[Result "1-0"]
[WhiteElo "1981"]
[BlackElo "1693"]
[PlyCount "39"]
[EventDate "2014.??.??"]

1. e4 d6 2. f4 f5 3. e5 dxe5 4. fxe5 e6 5. Nf3 c5 6. c3 Nc6 7. d4 cxd4 8. cxd4
Bb4+ 9. Nc3 Nge7 10. Bc4 Nd5 11. Bd2 O-O 12. a3 Bxc3 13. bxc3 b6 14. O-O Bd7
15. Ba2 Kh8 16. c4 Nde7 17. d5 Nb8 18. Ng5 exd5 19. cxd5 Be8 20. Ne6 1-0

[Event "Brno ÈEZ Talent"]
[Site "?"]
[Date "2014.08.25"]
[Round "3"]
[White "Zeman, Radek"]
[Black "Zikan, Karel"]
[Result "1-0"]
[WhiteElo "1845"]
[BlackElo "1772"]
[PlyCount "115"]
[EventDate "2014.??.??"]

1. e4 c6 2. d4 d5 3. e5 Bf5 4. Nc3 e6 5. g4 Bg6 6. Nge2 h6 7. Nf4 Bh7 8. Be3
Nd7 9. Bd3 Bxd3 10. Qxd3 c5 11. Nce2 cxd4 12. Bxd4 Ne7 13. Bc3 Nc6 14. Nxe6
fxe6 15. Qg6+ Ke7 16. Nf4 Qe8 17. O-O-O Qf7 18. Qxf7+ Kxf7 19. Rhe1 Be7 20.
Nxd5 exd5 21. e6+ Ke8 22. exd7+ Kxd7 23. Rxd5+ Kc7 24. Bxg7 Rhe8 25. Rf1 Bf8
26. Bf6 Re6 27. Bh4 Rae8 28. f4 Re2 29. Rd2 Bc5 30. Bf2 Be3 31. Bxe3 R8xe3 32.
Kd1 Rxd2+ 33. Kxd2 Re7 34. c3 Kd7 35. b4 Ke8 36. b5 Rd7+ 37. Ke3 Na5 38. Rf2
Kf7 39. a4 b6 40. h4 Nc4+ 41. Ke4 Nd2+ 42. Ke5 Nb3 43. g5 Nc5 44. Rf3 Nxa4 45.
f5 hxg5 46. hxg5 Rc7 47. g6+ Kg7 48. Rh3 Re7+ 49. Kf4 Kf6 50. Rd3 Rc7 51. Rd6+
Kg7 52. Kg5 Rc8 53. f6+ Kg8 54. Kh6 Nc5 55. f7+ Kf8 56. Rf6 Ke7 57. g7 Kxf6 58.
g8=Q 1-0

[Event "Brno ÈEZ Talent"]
[Site "?"]
[Date "2014.08.25"]
[Round "3"]
[White "Spodny, Josef"]
[Black "Svanda, Adam"]
[Result "1/2-1/2"]
[WhiteElo "2007"]
[BlackElo "1486"]
[PlyCount "49"]
[EventDate "2014.??.??"]

1. e4 d5 2. Nc3 d4 3. Nce2 e5 4. Ng3 Bd6 5. Bc4 Nf6 6. d3 Bd7 7. N1e2 O-O 8.
O-O Nc6 9. a3 a6 10. Bg5 h6 11. Bd2 b5 12. Bb3 Ne7 13. c3 c5 14. cxd4 cxd4 15.
h3 Rc8 16. f4 Nc6 17. f5 Re8 18. Nh1 Kf8 19. Neg3 Qe7 20. Nh5 Nxh5 21. Qxh5 Rc7
22. f6 gxf6 23. Qxh6+ Kg8 24. Rxf6 Qf8 25. Rg6+ 1/2-1/2

[Event "Brno ÈEZ Talent"]
[Site "?"]
[Date "2014.08.25"]
[Round "3"]
[White "Effenberger, Adam"]
[Black "Licka, Vlastimil"]
[Result "1/2-1/2"]
[WhiteElo "1734"]
[BlackElo "1959"]
[PlyCount "41"]
[EventDate "2014.??.??"]

1. e4 c5 2. Nf3 a6 3. c4 d6 4. d4 cxd4 5. Nxd4 e5 6. Nb3 Nf6 7. Nc3 Be6 8. f3
Nbd7 9. Be3 Rc8 10. Nd5 a5 11. a4 b6 12. Bd3 Nc5 13. O-O Nxd5 14. cxd5 Bd7 15.
Nxc5 dxc5 16. Qb3 Qc7 17. Bb5 Bd6 18. Bxd7+ Kxd7 19. Qb5+ Ke7 20. b3 Rb8 21.
Rac1 1/2-1/2

[Event "Brno ÈEZ Talent"]
[Site "?"]
[Date "2014.08.25"]
[Round "3"]
[White "Benes, Miroslav"]
[Black "Sarson, Ondrej"]
[Result "0-1"]
[WhiteElo "1957"]
[BlackElo "1778"]
[PlyCount "74"]
[EventDate "2014.??.??"]

1. d4 d5 2. Nf3 Nf6 3. c4 c6 4. Nc3 a6 5. c5 Bf5 6. Nh4 Bg6 7. h3 Nbd7 8. Bf4
e6 9. e3 Be7 10. Nxg6 hxg6 11. Be2 O-O 12. h4 a5 13. h5 gxh5 14. Bxh5 Nxh5 15.
Qxh5 f5 16. Qg6 Rf6 17. Qh7+ Kf7 18. Rh3 Nf8 19. Qh5+ Rg6 20. Ke2 b6 21. Na4
bxc5 22. Nxc5 Bxc5 23. dxc5 Qf6 24. Rb1 d4 25. Bd6 dxe3 26. Rxe3 a4 27. Qf3 Ra6
28. Kf1 Rh6 29. g3 g5 30. Be5 Qg6 31. b4 g4 32. Qg2 f4 33. Bxf4 Qxb1+ 34. Re1
Qd3+ 35. Re2 Rh5 36. Ke1 Qb1+ 37. Kd2 Qxb4+ 0-1

[Event "Brno ÈEZ Talent"]
[Site "?"]
[Date "2014.08.25"]
[Round "3"]
[White "Veznik, Michael"]
[Black "Glacner, Karel"]
[Result "1-0"]
[WhiteElo "1934"]
[BlackElo "1574"]
[PlyCount "47"]
[EventDate "2014.??.??"]

1. e4 e5 2. Nc3 Nc6 3. Bc4 Bc5 4. d3 Nf6 5. f4 exf4 6. Bxf4 O-O 7. Qd2 d6 8.
O-O-O a6 9. Bg5 Be6 10. Rf1 Ne7 11. Rxf6 Bd4 12. Rxe6 fxe6 13. Bxe6+ Kh8 14.
Nf3 Bf6 15. h4 c6 16. d4 Qa5 17. e5 dxe5 18. dxe5 Rad8 19. Qe1 Nd5 20. exf6
Nxf6 21. Ne4 Rd1+ 22. Kxd1 Rd8+ 23. Kc1 Rf8 24. Qxa5 1-0

[Event "Brno ÈEZ Talent"]
[Site "?"]
[Date "2014.08.25"]
[Round "3"]
[White "Lisik, Miroslav"]
[Black "Khachatouri, Saro"]
[Result "1/2-1/2"]
[WhiteElo "1678"]
[BlackElo "1790"]
[PlyCount "63"]
[EventDate "2014.??.??"]

1. e4 d6 2. d4 Nf6 3. Nc3 e5 4. Nf3 Nbd7 5. Be2 Be7 6. h3 c6 7. a4 h6 8. Be3
Qc7 9. O-O a6 10. a5 O-O 11. Qd2 exd4 12. Nxd4 Nc5 13. f3 Re8 14. b4 Ne6 15.
Nf5 d5 16. Bb6 Qd7 17. Nxe7+ Qxe7 18. exd5 cxd5 19. b5 Nc5 20. bxa6 bxa6 21.
Nxd5 Qxe2 22. Nxf6+ gxf6 23. Qxe2 Rxe2 24. Bxc5 Rxc2 25. Rfc1 Rxc1+ 26. Rxc1
Be6 27. Bd4 Kg7 28. Bb6 Rc8 29. Rxc8 Bxc8 30. Bd4 Kg6 31. h4 f5 32. f4 {(R)}
1/2-1/2

[Event "Brno ÈEZ Talent"]
[Site "?"]
[Date "2014.08.26"]
[Round "4"]
[White "Kraus, Tomas"]
[Black "Polak, Tomas"]
[Result "1/2-1/2"]
[WhiteElo "2400"]
[BlackElo "2511"]
[PlyCount "27"]
[EventDate "2014.??.??"]

1. d4 Nf6 2. Nf3 e6 3. c4 Bb4+ 4. Bd2 a5 5. Nc3 b6 6. Bg5 Bb7 7. e3 h6 8. Bh4
Bxc3+ 9. bxc3 d6 10. Nd2 Nbd7 11. f3 Qe7 12. Bd3 e5 13. e4 Nf8 14. Bc2 {(R)}
1/2-1/2

[Event "Brno ÈEZ Talent"]
[Site "?"]
[Date "2014.08.26"]
[Round "4"]
[White "Roubalik, Jakub"]
[Black "Sergeev, Vladimir"]
[Result "1-0"]
[WhiteElo "2347"]
[BlackElo "2438"]
[PlyCount "79"]
[EventDate "2014.??.??"]

1. d4 Nf6 2. Bg5 Ne4 3. Bf4 c5 4. f3 Qa5+ 5. c3 Nf6 6. Nd2 cxd4 7. Nb3 Qb6 8.
Qxd4 Nc6 9. Qxb6 axb6 10. e4 d5 11. e5 Nh5 12. Be3 Nxe5 13. Bxb6 Nc4 14. Bxc4
dxc4 15. Nd2 Nf4 16. Nxc4 Be6 17. b3 Nxg2+ 18. Kd2 g6 19. Ne2 Bh6+ 20. Kc2 Ra6
21. Bd4 f6 22. Nb6 Kf7 23. a4 Ra5 24. Ng3 Bf4 25. b4 Rg5 26. Ne4 Bf5 27. Kb3 {
Diagram #} Bxe4 28. fxe4 h5 29. Nd5 Be5 30. Bc5 e6 {(R)} 31. Nb6 h4 32. Rad1
Rb8 33. Nd7 Ra8 34. Nxe5+ Rxe5 35. Rd7+ Kg8 36. Rxb7 Rxe4 37. Rd1 Nf4 38. Rdd7
Nh5 39. a5 Re1 40. a6 1-0